| 000 | 00855cam a2200229 a 4500 | ||
|---|---|---|---|
| 001 | 000019995 | ||
| 005 | 20200929170224.0 | ||
| 008 | 840313s1932 sp ab 000 0 spa d | ||
| 040 |
_aDO-SdBNP _bspa _cDLC _dBNPHU |
||
| 082 |
_a956.9401 _bP384j |
||
| 245 | 0 | 4 |
_aLos peligros judio-masonicos. / _cLos protocolos de los sabios de Sion. |
| 250 | _a9a ed. | ||
| 260 |
_aMadrid, (España) : _bEditorial Época, _c[1932]. |
||
| 300 |
_a232 p. : _bil., (maps) ; _c19 cm. |
||
| 500 | _aEdición completa con estudios y comentarios críticos de E. Jouin | ||
| 650 | 4 |
_aCuestión judía. _934439 |
|
| 650 | 4 |
_aSionismo _934438 |
|
| 650 | 4 |
_aAntisemitismo _942594 |
|
| 700 | 1 |
_aJouin, E. _q(Ernest), _d1844-1932. _942595 |
|
| 700 | 1 |
_aVictoria, Pablo Montesino y Espartero, _cduque de la, _d1866- [from old catalog] _etr. _942596 |
|
| 910 | _aCatalogación derivada / LC | ||
| 999 |
_c19507 _d19507 |
||